Dorothy in the land of Oz [

Bibliographic Details
Main Author: Muller, Romeo
Format: Book
Published: Netherland : Vestron Video International , 19_.
Subjects:

MARC

LEADER 00000cam a2200000 7i4500
001 0000000283
002 000000356
005 20020919.0
020 |a 000000356 
090 0 0 |a JF   |b DOR 
100 1 |a Muller, Romeo 
245 1 0 |a Dorothy in the land of Oz [  |h video recording]   |c Romeo Muller 
260 |a Netherland :   |b Vestron Video International ,   |c 19_. 
300 |a 1 Video recording VHS (60:00 min) :   |b Col.(PAL) 
500 |a Library has 1 copy 
650 0 0 |a Fairy tales   |x cartoons and caricatures 
999 |a PV0134   |b VIDEO   |c JUNIOR REFERENCE   |e PERPUSTAKAAN KOMUNITI PETALING JAYA